| 000 | 01075cam a2200217 4500 | ||
|---|---|---|---|
| 001 | WB3836-16 | ||
| 008 | 021002n2002 000 0 eng u | ||
| 035 | _a(Sirsi) u119963 | ||
| 245 | _aViews sought on planning enforcement | ||
| 260 | _c2002 | ||
| 490 |
_aODPM News Release _v(087) 27 September 2002, (2) |
||
| 520 | _aGovernment is seeking views on changes to the planning enforcement system. The changes are intended to increase local councils' powers to ensure planning policy if followed and to prevent or punish unauthorised developments. "Review of the planning enforcement system in England" is available from ODPM free literature, PO Box 236, Wetherby, West Yorkshire LS23 7NB or from the website at http://www.planning.odpm.gov.uk/consult/enforce/index.htm | ||
| 590 | _aWB | ||
| 650 | _aPLANNING ENFORCEMENT | ||
| 650 | _aPLANNING PROCEDURE | ||
| 650 | _aPUBLIC CONSULTATIONS | ||
| 650 | _aPLANNING SYSTEM | ||
| 690 | _aENVIRONMENTAL AND LAND CONSULTANCY-PLANNING AND DEVELOPMENT | ||
| 856 | _ahttp://www.odpm.gov.uk/news/0209/0087.htm | ||
| 942 | _n0 | ||
| 999 |
_c71283 _d71283 |
||